000 00653nam a2200181Ia 4500
008 090630s9999 xx 000 0 und d
082 _b12471
100 _aडॉ. कारवारकर मालती.
245 _aडॉ. मी काय खाऊ ?.
_cडॉ. कारवारकर मालती.
260 _bस्वाती.
_c1992
300 _a224
600 _aडॉ. कारवारकर मालती.
630 _aडॉ. मी काय खाऊ ?.
655 _aइतर.
700 _aडॉ. कारवारकर मालती.
730 _aडॉ. मी काय खाऊ ?.
942 _cBOOK
999 _c264327
_d264327